Formulario práctico de la construcción / (Registro nro. 63052)

Detalles MARC
000 -LEADER
campo de control de longitud fija 01650cam a22003374i 4500
003 - IDENTIFICADOR DE NÚMERO DE CONTROL
campo de control PE-LiUPU
005 - FECHA Y HORA DE LA ÚLTIMA TRANSACCIÓN
campo de control 20250922163224.0
008 - DATOS DE LONGITUD FIJA--INFORMACIÓN GENERAL
campo de control de longitud fija 2004xxxxes pe a rb 000 0 spa d
020 ## - NÚMERO INTERNACIONAL ESTÁNDAR DEL LIBRO
Número Internacional Estándar del Libro 8493302112
020 ## - NÚMERO INTERNACIONAL ESTÁNDAR DEL LIBRO
Número Internacional Estándar del Libro 9788493302115
035 ## - NÚMERO DE CONTROL DEL SISTEMA
Número de control de sistema PE-LiUPU000010
040 ## - FUENTE DE CATALOGACIÓN
Centro catalogador/agencia de origen PE-LiUPU
Lengua de catalogación spa
Centro/agencia transcriptor PE-LiUPU
Normas de descripción rda
082 04 - NÚMERO DE LA CLASIFICACIÓN DECIMAL DEWEY
Número de clasificación 690
Cutter B516f
Número de edición 23
100 ## - ENTRADA PRINCIPAL--NOMBRE DE PERSONA
Nombre de persona Bermejo Polo, Juan,
Término indicativo de función/relación autor.
9 (RLIN) 6881
245 10 - MENCIÓN DEL TÍTULO
Título Formulario práctico de la construcción /
Mención de responsabilidad, etc. por Juan Bermejo Polo.
250 ## - MENCION DE EDICION
Mención de edición Sexta edición.
264 #1 - PRODUCCIÓN, PUBLICACIÓN, DISTRIBUCIÓN, FABRICACIÓN Y COPYRIGHT
Producción, publicación, distribución, fabricación y copyright Madrid :
Nombre del de productor, editor, distribuidor, fabricante CIE Inversiones Editoriales Dossat 2000,
Fecha de producción, publicación, distribución, fabricación o copyright 2004.
300 ## - DESCRIPCIÓN FÍSICA
Extensión 267 páginas :
Otras características físicas ilustraciones, tablas ;
Dimensiones 24 cm
336 ## - TIPO DE CONTENIDO
Término de tipo de contenido text
Fuente rdacontent
337 ## - TIPO DE MEDIO
Nombre/término del tipo de medio unmediated
Fuente rdamedia
338 ## - TIPO DE SOPORTE
Nombre/término del tipo de soporte volume
Fuente rdacarrier
504 ## - NOTA DE BIBLIOGRAFÍA, ETC.
Nota de bibliografía, etc. Incluye tablas y fórmulas técnicas.
505 0# - NOTA DE CONTENIDO CON FORMATO
Nota de contenido con formato Introducción --Signos matemáticos -- Trazado geométrico -- Figuras planas -- Cuerpos sólidos -- Terrenos-- Levantamiento de planos -- Movimiento de tierras -- Morteros -- Hormigones -- Cimientos -- Paredes -- Muros de contención y sostenimiento -- Ladrillos -- Cargas en edificios -- Perfiles laminados -- Maderas -- Cubiertas -- Instalaciones.
650 10 - PUNTO DE ACCESO ADICIONAL DE MATERIA--TÉRMINO DE MATERIA
Término de materia o nombre geográfico como elemento de entrada Construcción
Subdivisión general Manuales técnicos.
9 (RLIN) 6882
650 10 - PUNTO DE ACCESO ADICIONAL DE MATERIA--TÉRMINO DE MATERIA
Término de materia o nombre geográfico como elemento de entrada Ingeniería civil
Subdivisión general Fórmulas y tablas.
9 (RLIN) 6883
710 ## - ENTRADA AGREGADA--NOMBRE DE ENTIDAD CORPORATIVA
Nombre de entidad corporativa o nombre de jurisdicción como elemento de entrada CIE Dossat 2000,
Término indicativo de función/relación editor.
9 (RLIN) 6884
856 40 - LOCALIZACIÓN Y ACCESO ELECTRÓNICOS
Identificador Uniforme de Recursos <a href="https://www.ciedossat.com/libros/formulario-practico-de-la-construccion_bermejo">https://www.ciedossat.com/libros/formulario-practico-de-la-construccion_bermejo</a>
Nota pública Información editorial (si disponible).
942 ## - ELEMENTOS DE ENTRADA SECUNDARIOS (KOHA)
Fuente del sistema de clasificación o colocación Clasificación Decimal Dewey
Tipo de ítem Koha Libros físicos
980 ## - EQUIVALENCIA O REFERENCIA-CRUZADA-MENCIÓN DE SERIE--NOMBRE DE PERSONA/TÍTULO [LOCAL, CANADÁ]
ID del usuario creador del registro 21515
Nombre del creador del registro ROMINA COBOS Adquisiciones
ID del último usuario que modificó el registro 18226
Nombre del último usuario que modificó el registro Jaime Vilcazán Jefe de Análisis Documental
Existencias
Visto por última vez Total de préstamos Signatura topográfica completa Código de barras Copia número Coste, precio de reemplazo Fecha de reemplazo Facultad Tipo de ítem Koha Estado de pérdida Fuente del sistema de clasificación o colocación Restricciones de uso No para préstamo Colección Programa académico Biblioteca de origen Biblioteca actual Ubicación en estantería Fecha de adquisición Fuente de adquisición Coste, precio normal de compra
2025-12-03   690 B516f 82741 e1 35.00 2025-09-22 FIA Libros físicos No Perdido Clasificación Decimal Dewey No restringido Disponible para préstamos Colección General Ingeniería civil Biblioteca CRAI UPeU Lima Biblioteca CRAI UPeU Lima Sala principal 2025-09-17 COMPRA 30.00